000
00279nam a22001337a 4500
008
170801b xxu||||| |||| 00| 0 eng d
020
_a
9781449397494
041
_a
eng
080
_a
004
100
_a
32
101
_a
SHK
245
_a
MAC OSX LION
_c
POGUE,D
942
_2
udc
_c
BK
999
_c
22332
_d
22332